| 000 | 01487nam a2200253Ia 4500 | ||
|---|---|---|---|
| 999 |
_c49231 _d49231 |
||
| 001 | 16143 | ||
| 003 | GE_BSU | ||
| 005 | 20241217163153.0 | ||
| 008 | 181216s2015||||ge |||||||||||||| ||geo|| | ||
| 040 | _cGE_BSU | ||
| 041 | _ageo | ||
| 080 | _a629.113 ფ-98 | ||
| 100 |
_aფუტკარაძე, ზ. _923910 |
||
| 245 |
_aტრაქტორების კონსტრუქცია : საზღვარგარეთული ტრაქტორების კონსტრუქციული თავისებურებები : _b[სახელმძღვ.] / _cზ. ფუტკარაძე, რ. მარგალიტაძე ; რედ. ელგუჯა შაფაქიძე. |
||
| 264 |
_aბათუმი : _b[?], _c2015. |
||
| 300 |
_a237 გვ. : _bილ. ; _c21 სმ. |
||
| 500 | _aსახელმძღვანელო შედგენილია გაეროს განვითარების პროგრამის (UNDP) ხელშეწყობითა და დაფინანსებით | ||
| 504 | _aბიბლიოგრ. : გვ. 230-232 | ||
| 653 | _aტექნიკა | ||
| 653 | _aტრაქტორების კონსტრუქცია | ||
| 700 |
_aმარგალიტაძე, რომან _e ავტორი _923109 |
||
| 700 |
_aშაფაქიძე, ელგუჯა _eრედაქტორი _916748 |
||
| 942 |
_cBK _2udc |
||